000 00267nam a22001217a 4500
008 180926b xxu||||| |||| 00| 0 eng d
041 _aeng
080 _a941
100 _a17
101 _aHIS
245 _aA Pictorial History of Crime
_cSymons, J
942 _2udc
_cBK
999 _c48516
_d48516